000 00203 a2200085 4500
999 _c211267
_d211267
020 _a9781633694897
100 _aKim Chan W.
245 _aBI Blue Ocean Leadership: Circumference
260 _bMark ward
_c2018